[Event "It (open)"]
[Site "masterchessopen.com Linares (Spain)"]
[Round "5"]
[White "Giorgadze Giorgi (GEO)"]
[Black "Rashkovsky Nukhim N (RUS)"]
[Result "1/2-1/2"]
[WhiteElo "2580"]
[BlackElo "2530"]

1.d4 Nf6 2.c4 e6 3.Nc3 Bb4 4.Qc2 d6 5.Nf3 Nbd7 6.g3 b6 7.Bg2 Bb7 8.O-O Bxc3
9.Qxc3 a5 10.b3 O-O 11.Bb2 Ne4 12.Qe3 Ndf6 13.Ne1 h6 14.Nd3 d5 15.c5 a4 16.f3
Ng5 17.Rfc1 Ra7 18.Ne5 bxc5 19.dxc5 c6 20.b4 Ra8 21.Bd4 Nd7 22.f4 Nxe5 23.Bxe5
Nh7 24.Qc3 f6 25.Bd6 Rf7 26.e4 f5 27.exf5 exf5 28.b5 Nf6 29.bxc6 Bxc6 30.Rab1
Ne4 31.Qd4 a3 32.Rb4 Kh7 33.Be5 Ra5 34.Qe3 Qa8 35.Bd4 Ra4 36.Rb6 Rc4 37.Bf1
Rxc1 38.Qxc1 Qa4 39.Qe3 Rb7 40.Bd3 {#d} 1/2-1/2

[Event "It (open)"]
[Site "masterchessopen.com Pesc (Hungary)"]
[Round "2"]
[White "Kahn Evarth Dr (HUN)"]
[Black "Gyorkos Lajos (HUN)"]
[Result "1/2-1/2"]
[WhiteElo "2380"]
[BlackElo "2405"]

1.d4 Nf6 2.c4 e6 3.Nc3 Bb4 4.Qc2 d6 5.a3 Bxc3+ 6.Qxc3 Qe7 7.Bg5 Nbd7 8.e3 b6
9.Bd3 Bb7 10.f3 e5 11.Bf5 exd4 12.Qxd4 Qe5 13.Qxe5+ Nxe5 14.Bxf6 gxf6 15.b3 a5
16.Rc1 c5 17.a4 {#d} 1/2-1/2

[Event "Cup Russia"]
[Site "masterchessopen.com St. Petersburg (Russia)"]
[Round "7"]
[White "Biriukov Oleg V (RUS)"]
[Black "Shchukin Dmitry (RUS)"]
[Result "1-0"]
[WhiteElo "2415"]
[BlackElo "2330"]

1.d4 Nf6 2.c4 e6 3.Nc3 Bb4 4.Qc2 d6 5.a3 Bxc3+ 6.Qxc3 Nbd7 7.Bg5 h6 8.Bh4 b6
9.e3 Bb7 10.f3 Qe7 11.Bd3 c5 12.Ne2 Rc8 13.Qd2 Ba6 14.Rc1 O-O 15.O-O Rfe8
16.Rfd1 Qf8 17.b4 g6 18.bxc5 dxc5 19.Qb2 Qg7 20.a4 e5 21.dxe5 Nxe5 22.Be1 Nd5
23.Bc3 Nxc3 24.Qxc3 Rcd8 25.Qc2 Nxd3 26.Rxd3 Qe5 27.e4 Rxd3 28.Qxd3 Qe7 29.Nc3
Rd8 30.Nd5 Qe5 31.Rd1 Kg7 32.f4 Qd4+ 33.Qxd4+ cxd4 34.Rxd4 f5 35.exf5 gxf5
36.Ne3 Rxd4 37.Nxf5+ Kf6 38.Nxd4 Bxc4 39.Kf2 Bf7 40.Ke3 Be8 41.Nb5 a6 42.Nc7
Bxa4 43.Nxa6 Bc6 44.g4 Bd7 45.h3 Kg6 46.Kf3 h5 47.Kg3 hxg4 48.hxg4 b5 49.Nc5
Bc8 50.Nd3 Kh6 51.Kh4 Kg6 52.Ne5+ Kf6 53.Nc6 Bd7 54.Nb4 Be6 55.Kh5 Bf7+ 56.Kh4
Be6 57.Nc2 Kg6 58.Nd4 Bd7 59.Nc2 Be6 60.Ne3 Bb3 61.f5+ Kg7 62.g5 b4 63.Kh5
Bf7+ 64.g6 b3 65.Nd1 Bd5 66.Kg5 Be4 67.f6+ Kg8 68.Nb2 Bb1 69.Kh6 Bc2 70.Nc4
Be4 71.f7+ Kf8 72.Ne5 {#r} 1-0

[Event "Memorial A.Petrov"]
[Site "masterchessopen.com St. Petersburg (Russia)"]
[Round "1"]
[White "Sirotkina Nina (RUS)"]
[Black "Krogius Nikolai V (RUS)"]
[Result "1/2-1/2"]
[WhiteElo "2295"]
[BlackElo "2470"]

1.d4 Nf6 2.c4 e6 3.Nc3 Bb4 4.Qc2 d6 5.Bg5 Nbd7 6.Nf3 O-O 7.e3 b6 8.Be2 Bb7
9.Nd2 c5 10.O-O h6 11.Bh4 cxd4 12.exd4 e5 13.Bf3 Qb8 14.a3 Bxc3 15.Qxc3 Bxf3
16.Nxf3 Ne4 17.Qd3 Qb7 {#d} 1/2-1/2

[Event "Ch Estonia"]
[Site "masterchessopen.com Tallinn (Estonia)"]
[Round "2"]
[White "Shishkov Andrei (EST)"]
[Black "Karner Hillar (EST)"]
[Result "0-1"]
[WhiteElo "2150"]
[BlackElo "2325"]

1.d4 Nf6 2.c4 e6 3.Nc3 Bb4 4.Qc2 d6 5.Bg5 c5 6.dxc5 dxc5 7.a3 Ba5 8.Nf3 Nc6
9.e3 h6 10.Bh4 Qe7 11.Be2 e5 12.Nd2 Bxc3 13.Qxc3 Bf5 14.g4 Bg6 15.Bf3 e4
16.Be2 Ne5 17.O-O-O O-O 18.Rhg1 Rfe8 19.Nb3 b6 20.h3 a5 21.Kb1 Qe6 22.Ka1 a4
23.Nc1 Nh7 24.Bg3 Ng5 25.Bxe5 Qxe5 26.Qxe5 Rxe5 27.h4 Nf3 28.Rh1 h5 29.g5 Bf5
30.Na2 Bg4 31.Nc3 Re6 32.Nd5 Rb8 33.Nc3 Ne5 34.Bxg4 hxg4 35.Nxa4 Nxc4 36.Rd5
Ne5 37.Nc3 Nd3 38.Nxe4 c4 39.Nd2 Nxf2 40.Rf1 g3 41.Nxc4 b5 42.Na5 Rxe3 43.Rd2
Rbe8 44.Ka2 Re2 45.Rxe2 Rxe2 46.Rg1 Re3 47.Nb3 Nh3 48.Rg2 Nf4 49.Rg1 g2 {#R}
0-1

[Event "It (cat.9)"]
[Site "masterchessopen.com Vienna (Austria)"]
[Round "1"]
[White "Stanec Nikolaus (AUT)"]
[Black "Fauland Alexander (AUT)"]
[Result "1-0"]
[WhiteElo "2505"]
[BlackElo "2435"]

1.d4 Nf6 2.c4 e6 3.Nc3 Bb4 4.Qc2 d6 5.e3 c5 6.Bd3 Nc6 7.Ne2 e5 8.d5 Bxc3+
9.Qxc3 Ne7 10.e4 O-O 11.O-O Ng6 12.b4 b6 13.bxc5 bxc5 14.f3 Nh5 15.Rf2 Rb8
16.Rb1 Rxb1 17.Bxb1 Qb6 18.Bd3 Bd7 19.Ng3 Nxg3 20.hxg3 f5 21.Rb2 Qa6 22.Qb3
fxe4 23.Bxe4 Bf5 24.Bxf5 Rxf5 25.Qb5 Qxb5 26.Rxb5 Rf7 27.a4 Rd7 28.a5 Kf7
29.Rb8 h6 30.a6 Ne7 31.Bd2 Ng8 32.Ba5 Nf6 33.Rb7 Ke7 34.Bb6 Ne8 35.Bxa7 Nc7
36.Rxc7 {#r} 1-0

[Event "Ch Lithuania"]
[Site "masterchessopen.com Vilnius (Lithuania)"]
[Round "5"]
[White "Zacharov Vladimir (LTU)"]
[Black "Lasinskas Povilas (LTU)"]
[Result "1/2-1/2"]
[WhiteElo "2026"]
[BlackElo "2122"]

1.d4 Nf6 2.c4 e6 3.Nc3 Bb4 4.Qc2 d6 5.Nf3 Nbd7 6.Bg5 h6 7.Bd2 Qe7 8.a3 Bxc3
9.Bxc3 b6 10.e4 e5 11.d5 Nf8 12.h3 Ng6 13.g3 O-O 14.Bg2 Nh7 15.O-O-O f5 16.Nd2
f4 17.h4 fxg3 18.fxg3 Bg4 19.Rdf1 Be2 20.Rf5 Nf6 21.Nf1 Bg4 22.Ne3 Bxf5
23.exf5 Nh8 24.g4 Nf7 25.Bf3 e4 26.Bd1 Ne5 27.g5 Nh7 28.f6 Nxf6 29.gxf6 Qxf6
30.Qxe4 Rae8 31.Bc2 g6 32.Rg1 Rf7 33.Ng4 Qxh4 34.Bxe5 Qg5+ 35.Qe3 Qxe3+
36.Nxe3 Rxe5 37.Rxg6+ Kf8 38.Rg3 h5 39.Rh3 Rf2 40.Kd1 Rg5 41.Ke1 Rf4 42.Ke2
Kg7 43.Bd3 Kf6 44.Rh2 Ke5 45.Ng2 Rfg4 46.Nh4 Kf4 47.Rf2+ Kg3 48.Nf5+ Kh3
49.Ne3 Rg1 50.Bf5+ Rxf5 51.Nxf5 h4 52.b4 Kg4 53.Ne3+ Kh5 54.Rf7 Ra1 55.Rxc7
Rxa3 56.c5 bxc5 57.bxc5 dxc5 58.d6 Ra2+ 59.Kf3 Rd2 60.Rxc5+ Kg6 61.Nf5 h3
62.Nh4+ {#d} 1/2-1/2

[Event "It (open)"]
[Site "masterchessopen.com St. Ingbert (Germany)"]
[Round "6"]
[White "Simon Holger (GER)"]
[Black "Bischoff Klaus (GER)"]
[Result "0-1"]
[WhiteElo "2113"]
[BlackElo "2530"]

1.d4 Nf6 2.c4 e6 3.Nc3 Bb4 4.Qc2 d6 5.a3 Bxc3+ 6.Qxc3 O-O 7.Bg5 Nbd7 8.f3 h6
9.Bh4 b6 10.e3 Bb7 11.Bd3 c5 12.Ne2 Rc8 13.O-O cxd4 14.exd4 d5 15.Qb3 Qc7
16.Rac1 Qb8 17.Nc3 dxc4 18.Bxc4 Qf4 19.Bf2 a6 20.Ne2 Qd6 21.Bg3 Qe7 22.Rfe1 b5
23.Bd3 Bd5 24.Qd1 Nb6 25.Nc3 Rfd8 26.Nxd5 Nfxd5 27.f4 Qf6 28.Rxc8 Rxc8 29.Bb1
Nc4 30.f5 Nce3 31.Qd3 Nxf5 32.Be5 Qg5 33.h3 Rc1 {#R} 0-1

[Event "It (c)"]
[Site "masterchessopen.com Balatonbereny (Hungary)"]
[Round "3"]
[White "Kahn Evarth Dr (HUN)"]
[Black "Sprotte Norbert (GER)"]
[Result "1-0"]
[WhiteElo "2270"]
[BlackElo "2185"]

1.d4 Nf6 2.c4 e6 3.Nc3 Bb4 4.Qc2 d6 5.Bg5 c5 6.dxc5 dxc5 7.e3 Nc6 8.Nf3 Bxc3+
9.Qxc3 Qa5 10.Qxa5 Nxa5 11.Be2 b6 12.O-O Bb7 13.a3 Ne4 14.Bh4 f6 15.Rad1 g5
16.Bg3 Nxg3 17.hxg3 Ke7 18.b4 Nc6 19.Rb1 Rhb8 20.bxc5 bxc5 21.Rb5 Ba6 22.Rxc5
Kd6 23.Rxc6+ Kxc6 24.Nd4+ Kd7 25.Rd1 Rb6 26.c5 {#r} 1-0

[Event "It (c)"]
[Site "masterchessopen.com Balatonbereny (Hungary)"]
[Round "8"]
[White "Kersten Uwe (GER)"]
[Black "Sprotte Norbert (GER)"]
[Result "1-0"]
[WhiteElo "2330"]
[BlackElo "2185"]

1.d4 e6 2.c4 Bb4+ 3.Nc3 Nf6 4.Qc2 d6 5.a3 Bxc3+ 6.Qxc3 c5 7.dxc5 dxc5 8.Nf3
O-O 9.e3 Nfd7 10.Bd3 Nc6 11.O-O h6 12.Be4 Qa5 13.b4 Qc7 14.Bb2 Nf6 15.Bc2 Re8
16.b5 Nb8 17.Rad1 Nbd7 18.Nd2 a6 19.Ne4 e5 20.Nd6 Re6 21.Qd2 Ne8 22.Nxc8 {#r}
1-0

[Event "It (open) (a)"]
[Site "masterchessopen.com Bled (Slovenia)"]
[Round "1"]
[White "Nikolov Sasho (BUL)"]
[Black "Sprotte Norbert (GER)"]
[Result "0-1"]
[WhiteElo "2390"]
[BlackElo "2185"]

1.d4 Nf6 2.c4 e6 3.Nc3 Bb4 4.Qc2 d6 5.a3 Bxc3+ 6.Qxc3 c5 7.Nf3 Nc6 8.e3 Qa5
9.Qxa5 Nxa5 10.b4 Nb3 11.Rb1 Nxc1 12.Rxc1 Nd7 13.Nd2 b6 14.Bd3 Bb7 15.Ke2 Ke7
16.Be4 Bxe4 17.Nxe4 Rhc8 18.Rhd1 f5 19.Ng5 h6 20.Nh3 Rc7 21.Rc3 cxb4 22.axb4
a5 23.bxa5 Rxa5 24.Nf4 d5 25.Rdc1 Ra2+ 26.Kf3 dxc4 27.Rxc4 Rxc4 28.Rxc4 g5
29.Nd3 Nf6 30.Rc7+ Kd6 31.Rb7 Kc6 32.Rf7 g4+ 33.Kf4 Nd5+ 34.Kg3 Rd2 35.Ne5+
Kb5 36.h4 Nc3 37.f3 Ne2+ 38.Kf2 Nc3+ 39.Kg1 g3 {#R} 0-1

[Event "It (a)"]
[Site "masterchessopen.com Budapest (Hungary)"]
[Round "11"]
[White "Hoang Thanh Trang (HUN)"]
[Black "Agrest Evgenij (SWE)"]
[Result "1/2-1/2"]
[WhiteElo "2350"]
[BlackElo "2505"]

1.d4 Nf6 2.c4 e6 3.Nc3 Bb4 4.Qc2 d6 5.Bg5 Nbd7 6.e3 c5 7.a3 Qa5 8.Bxf6 Bxc3+
9.Qxc3 Qxc3+ 10.bxc3 gxf6 11.Bd3 Rb8 12.Nf3 b6 13.Nd2 Ke7 14.Ke2 Bb7 15.f3
Rhc8 16.Rhc1 Rc7 17.Rc2 Rbc8 18.a4 a5 19.Nb1 h6 20.Rb2 Rg8 21.g3 Ba6 22.Na3
Rcc8 23.Rd1 Rg7 24.Kf2 Rgg8 25.Bh7 Rgd8 26.Bd3 Rb8 27.Bf1 Nf8 28.Rdb1 Nd7
29.Rd2 Rb7 30.Rbd1 Rc7 31.Rc2 Rdc8 32.Rdc1 Kd8 33.Bh3 Ke7 34.Bf1 f5 35.Rd2
cxd4 36.cxd4 d5 37.Rdc2 dxc4 38.Bxc4 Bxc4 39.Rxc4 Kd8 40.Ke2 Nf6 41.Rxc7 Rxc7
42.Rxc7 Kxc7 43.Kd3 Kc6 44.Nc4 Nd7 45.Kc3 Kd5 46.Nd2 Kc6 47.Kc4 Nf6 48.e4 fxe4
{#d} 1/2-1/2

[Event "It (open)"]
[Site "masterchessopen.com Ceriano Laghetto (Italy)"]
[Round "5"]
[White "Caloni Ugo (ITA)"]
[Black "Pace Roberto (ITA)"]
[Result "1-0"]
[WhiteElo "2172"]
[BlackElo "1978"]

1.d4 Nf6 2.c4 e6 3.Nc3 Bb4 4.Qc2 d6 5.Nf3 Qe7 6.Qa4+ Nc6 7.Bg5 Bd7 8.Qb3 h6
9.Bxf6 Qxf6 10.e3 O-O 11.Be2 Bxc3+ 12.Qxc3 e5 13.dxe5 dxe5 14.O-O Rad8 15.Bd3
Qe7 16.Be4 Rfe8 17.Rad1 Bc8 18.Bxc6 Rxd1 19.Rxd1 bxc6 20.Ne1 Qg5 21.e4 Qg4
22.f3 Qg5 23.Nc2 h5 24.Qe3 Qf6 25.Qxa7 h4 26.Qe3 Be6 27.b3 h3 28.g3 Ra8 29.a3
Rb8 30.Rd3 Qe7 31.c5 f5 32.b4 fxe4 33.fxe4 Rf8 34.Rd2 Bc4 35.Rf2 Rd8 36.Rd2
Qf8 37.Rxd8 Qxd8 38.Ne1 Qd1 39.Kf2 Qa1 40.g4 Qd1 41.Kg3 Be6 42.Nf3 Qf1 43.Qf2
Qd3 44.Kxh3 Qxe4 45.Qg3 Bc4 46.Nxe5 Bf1+ 47.Kh4 Qh7+ 48.Kg5 Qh6+ 49.Kf5 Ba6
50.Qb3+ Kh7 51.Qf7 Bc8+ 52.Ke4 Be6 53.Qf4 Bd5+ 54.Ke3 Qh3+ 55.Qg3 Qh6+ 56.g5
Qe6 57.g6+ Kg8 58.Qf4 Qh3+ 59.Kd4 Qe6 60.Qf7+ {#r} 1-0

[Event "It (open)"]
[Site "masterchessopen.com Geneva (Switzerland)"]
[Round "4"]
[White "Lazarev Vladimir (FRA)"]
[Black "Schmittdiel Eckhard (GER)"]
[Result "1/2-1/2"]
[WhiteElo "2500"]
[BlackElo "2450"]

1.d4 Nf6 2.c4 e6 3.Nc3 Bb4 4.Qc2 d6 5.Nf3 Nbd7 6.a3 Bxc3+ 7.Qxc3 a5 8.b3 Qe7
9.g3 O-O 10.Bg2 Re8 11.O-O e5 12.dxe5 dxe5 13.Bb2 Ra6 14.Rad1 Rb6 15.Rb1 Nc5
16.Qxe5 Rxb3 17.Qxe7 Rxe7 18.Nd4 Rb6 19.Nb5 Na4 20.Bd4 c5 21.Bxf6 gxf6 22.e3
Be6 23.Rfc1 Rd7 24.Be4 Ra6 25.Bd5 f5 26.Kf1 Nb6 27.Bxe6 fxe6 28.Ke2 Kf7 29.Rb3
Ke7 30.Rd3 Rxd3 31.Kxd3 Ra8 32.Rb1 Rd8+ 33.Kc3 Rd7 34.Na7 Na8 35.Rb5 Kf6
36.Rxa5 Nb6 37.Rb5 Rd6 38.Kb3 Rd3+ 39.Kc2 Rxa3 40.Rxb6 Rxa7 41.Kb2 Ke7 42.f3
h5 43.Kb3 Kf6 44.Kb2 Ra4 45.Rxb7 Rxc4 46.Rh7 Kg6 47.Re7 Kf6 {#d} 1/2-1/2

[Event "Bayern Regionalliga Northeast"]
[Site "masterchessopen.com Germany"]
[Round "2"]
[White "Schulte Juergen (GER)"]
[Black "Heumann Joern (GER)"]
[Result "0-1"]
[WhiteElo "2182"]
[BlackElo "2124"]

1.d4 Nf6 2.c4 e6 3.Nc3 Bb4 4.Qc2 d6 5.Nf3 Nbd7 6.g3 b6 7.Bg2 Bb7 8.O-O O-O
9.Nh4 Bxg2 10.Nxg2 Bxc3 11.Qxc3 a5 12.f3 Qe7 13.e4 Rfd8 14.b3 c5 15.dxc5 Nxc5
16.Bg5 Rd7 17.Bxf6 Qxf6 18.Qxf6 gxf6 19.Rfd1 Kf8 20.Ne3 Ke7 21.Kf2 Rg8 22.Rd2
Rg6 23.Rad1 Rg8 24.Nc2 Ra8 25.Nd4 Rc8 26.Nb5 Nb7 27.Ke3 Rc5 28.Nc3 Rc6 29.f4
Nc5 30.Rf1 Rc8 31.Kf3 Ra7 32.Rxd6 Kxd6 33.Nb5+ Ke7 34.Nxa7 Rc7 35.Nb5 Rd7
36.Ke3 Rd3+ 37.Ke2 Rd7 38.Nc3 Rd3 39.Rf3 Rd4 40.Re3 Rd7 41.Nb5 Rd8 42.Na7 Kd7
43.Nb5 Ke7 44.a3 Ra8 45.Nd4 Rc8 46.Kf3 h5 47.Rc3 Kd7 48.Ke3 Na6 49.Nf3 Nc5
50.Ne1 Ke7 51.Nc2 Rc7 52.Ne1 Rc8 53.Nd3 Rc7 54.Nxc5 bxc5 55.Rd3 Rb7 56.h3 Rb8
57.Kd2 Rg8 58.Kc3 Rb8 59.Re3 Kd7 60.g4 hxg4 61.hxg4 Ke7 62.Rh3 Rg8 63.Rg3 Kd6
{#R} 0-1

[Event "Ch Czech Republic (juniors) (under 14)"]
[Site "masterchessopen.com Hradec Kralove (Czech Republic)"]
[Round "7"]
[White "Lahner Jakub (CZE)"]
[Black "Galicek Stanislav (CZE)"]
[Result "1/2-1/2"]
[WhiteElo "2282"]
[BlackElo "2155"]

1.d4 Nf6 2.c4 e6 3.Nc3 Bb4 4.Qc2 d6 5.a3 Bxc3+ 6.Qxc3 O-O 7.Nf3 b6 8.Bg5 Bb7
9.e3 Nbd7 10.Be2 Re8 11.Rd1 Ne4 12.Bxd8 Nxc3 13.bxc3 Raxd8 14.O-O Nf6 15.Nd2
e5 16.Rfe1 Ne4 17.Nb1 c5 18.Bf3 f5 19.Re2 Ba6 20.Bxe4 fxe4 21.Nd2 d5 22.Ree1
Bxc4 23.dxe5 Bd3 24.f4 exf3 25.Nxf3 Be4 26.Rd2 Bxf3 27.gxf3 Rxe5 28.e4 d4
29.cxd4 Rxd4 30.Rxd4 cxd4 31.Rd1 Ra5 32.Rxd4 Rxa3 33.f4 b5 34.e5 Kf8 35.e6 Ra4
36.Rd7 a5 37.f5 Rf4 38.Rd5 g6 39.fxg6 hxg6 40.Rxb5 Ra4 41.Rg5 Ra1+ 42.Kg2 Kg7
43.Re5 Kf8 44.Rg5 Kg7 45.Re5 Kf8 46.Rg5 {#d} 1/2-1/2

[Event "It (cat.3)"]
[Site "masterchessopen.com London (England)"]
[Round "1"]
[White "Gavriel Tryfon (ENG)"]
[Black "Berry Jonathan (CAN)"]
[Result "0-1"]
[WhiteElo "2156"]
[BlackElo "2310"]

1.d4 Nf6 2.c4 e6 3.Nc3 Bb4 4.Qc2 d6 5.Bg5 Nbd7 6.e3 h6 7.Bh4 g5 8.Bg3 Nh5 9.a3
Bxc3+ 10.Qxc3 f5 11.Bd3 Qf6 12.Nf3 b6 13.O-O-O Bb7 14.h3 O-O-O 15.Qc2 f4
16.Bh2 Bxf3 17.gxf3 fxe3 18.Be4 e2 19.Rd2 Nf4 20.Bxf4 Qxf4 21.Re1 Nb8 22.Rxe2
d5 23.cxd5 exd5 24.Bf5+ Kb7 25.Re3 Rhe8 26.Be6 Nc6 27.Qd3 Re7 28.Kb1 Rd6
29.Bg4 Qf7 30.Rde2 Rxe3 31.Qxe3 h5 32.Be6 Qf6 33.Bg8 Qg6+ {#R} 0-1

[Event "It (open) \"]
[Site "masterchessopen.com Schwabisch Gmund (Germany)"]
[Round "4"]
[White "Beutelhoff Josef (GER)"]
[Black "Lomineishvili Maia (GEO)"]
[Result "0-1"]
[WhiteElo "2118"]
[BlackElo "2350"]

1.d4 Nf6 2.c4 e6 3.Nc3 Bb4 4.Qc2 d6 5.a3 Bxc3+ 6.Qxc3 Nbd7 7.f3 O-O 8.e4 e5
9.d5 a5 10.Be3 a4 11.Ne2 Qe7 12.Nc1 Nc5 13.Bd3 Nh5 14.O-O Bd7 15.Bc2 c6 16.Nd3
Nxd3 17.Bxd3 Nf4 18.Bxf4 exf4 19.Rfe1 f6 20.Rad1 c5 21.g3 Qe5 22.Qxe5 fxe5
23.g4 b5 24.cxb5 Rfb8 25.Re2 Bxb5 26.Bxb5 Rxb5 27.Rc1 Rb3 28.Kg2 g5 29.Rc4 Kf7
30.Rf2 Ke7 31.h4 h6 32.hxg5 hxg5 33.Rc1 Rab8 34.Rc4 Rxb2 35.Rxa4 Kd7 36.Ra7+
R2b7 37.Ra6 Rc8 38.Rc2 Rcc7 39.Ra8 Rc8 40.Ra4 Rh8 41.Rac4 Kc8 42.R4c3 Kb8
43.Kf1 Rh1+ 44.Ke2 Rbb1 45.Kd3 Ka7 46.Kc4 Ka6 47.Rb3 Rxb3 48.Kxb3 Rf1 49.Rc3
Kb5 50.a4+ Ka5 51.Ka3 Ra1+ 52.Kb3 Rxa4 53.Rc1 Kb5 54.Rh1 c4+ 55.Kb2 Kb4 56.Rh8
c3+ 57.Kc2 Ra2+ 58.Kb1 Rf2 59.Rd8 Kb3 60.Rb8+ Kc4 {#R} 0-1

[Event "Ch St. Petersburg"]
[Site "masterchessopen.com St. Petersburg (Russia)"]
[Round "4"]
[White "Novikov Mikhail V (RUS)"]
[Black "Mishuchkov Nikolai M (RUS)"]
[Result "0-1"]
[WhiteElo "2380"]
[BlackElo "2390"]

1.d4 Nf6 2.c4 e6 3.Nc3 Bb4 4.Qc2 d6 5.Nf3 Nbd7 6.a3 Bxc3+ 7.Qxc3 b6 8.e3 Bb7
9.Be2 O-O 10.O-O Qe7 11.b4 Ne4 12.Qc2 f5 13.Bb2 Rae8 14.a4 Ng5 15.Nxg5 Qxg5
16.d5 exd5 17.Bf3 Ne5 18.Bxe5 Rxe5 19.cxd5 Qe7 20.Qd3 Qf7 21.Rfd1 f4 22.Rac1
fxe3 23.fxe3 Re7 24.Rc3 Qf6 25.Qd4 Qg5 26.Kh1 Bc8 27.Rdc1 Rff7 28.e4 h5 29.Qe3
Qg6 30.Qe1 Qg5 31.Qg3 Qxg3 32.hxg3 Bg4 33.Rf1 Rxe4 34.Bxe4 Rxf1+ 35.Kh2 Rf7
36.a5 Re7 37.Bg6 Kf8 38.axb6 axb6 39.Ra3 Rd7 40.Ra8+ Ke7 41.Re8+ Kf6 42.Bd3
Re7 43.Rf8+ Ke5 44.Bc4 Kd4 45.Rf4+ Re4 46.Ba6 Rxf4 47.gxf4 Kxd5 48.b5 Kc5
49.Kg3 d5 50.Kh4 Be2 51.Kg5 d4 {#R} 0-1

[Event "It (open)"]
[Site "masterchessopen.com Wiesbaden (Germany)"]
[Round "1"]
[White "Petri Thomas (GER)"]
[Black "Ikonnikov Vyacheslav (RUS)"]
[Result "0-1"]
[WhiteElo "2067"]
[BlackElo "2550"]

1.d4 Nf6 2.c4 e6 3.Nc3 Bb4 4.Qc2 d6 5.Bd2 c5 6.e3 O-O 7.Bd3 Nc6 8.Nge2 cxd4
9.exd4 e5 10.d5 Ne7 11.O-O a5 12.a3 Bc5 13.Bg5 Kh8 14.Bxf6 gxf6 15.Ng3 Rg8
16.Nce4 Ng6 17.Nh5 Nh4 18.Nhg3 Bd4 19.Nc3 f5 20.Bxf5 Rxg3 21.hxg3 Nxf5 22.Ne4
Nh6 23.Rab1 Ng4 24.Nc3 Qg5 25.Qd2 {#R} 0-1

[Event "Tournament (a)"]
[Site "masterchessopen.com Aracatuba (Brazil)"]
[Round "0"]
[White "Leitao Rafael (BRA)"]
[Black "Van Riemsdijk Herman C (BRA)"]
[Result "1/2-1/2"]
[WhiteElo "2550"]
[BlackElo "2405"]

1.d4 Nf6 2.c4 e6 3.Nc3 Bb4 4.Qc2 d6 5.Bg5 h6 6.Bh4 Nbd7 7.e3 b6 8.Bd3 c5 9.Ne2
Qe7 10.f3 Bb7 11.O-O Bxc3 12.bxc3 O-O 13.e4 Rfc8 14.Qb2 Qf8 15.Rac1 Rc7 16.Qb1
Rac8 17.f4 cxd4 18.cxd4 d5 19.cxd5 exd5 20.e5 Ne4 21.Rxc7 Rxc7 22.Be1 f5
23.Qb3 Kh7 24.Nc3 Nxc3 25.Bxc3 Nc5 26.Qa3 Ne6 27.Qxf8 Nxf8 28.Bb4 Rf7 29.Bxf8
Rxf8 30.Rc1 Rf7 31.e6 Re7 32.Bxf5+ g6 33.Bd3 Kg7 34.Bb5 Kf6 35.Bd7 Ba6 36.Rc7
Bb5 37.Rxa7 Kf5 38.a4 Bc6 39.Kf2 h5 40.h4 Kf6 41.Kf3 Kf5 42.g3 Kf6 43.g4 hxg4+
44.Kxg4 Rh7 45.Ra6 Rxd7 46.exd7 Bxd7+ 47.Kf3 Kf5 48.a5 bxa5 49.Rxa5 Bc6 50.Rc5
Bb7 51.Rc7 Ba6 52.Re7 {#d} 1/2-1/2

[Event "It (open)"]
[Site "masterchessopen.com Boblingen (Germany)"]
[Round "0"]
[White "Duppel Matthias (GER)"]
[Black "Balashov Yuri S (RUS)"]
[Result "1/2-1/2"]
[WhiteElo "2310"]
[BlackElo "2580"]

1.d4 Nf6 2.c4 e6 3.Nc3 Bb4 4.Qc2 d6 5.Bg5 Nbd7 6.e3 c5 7.dxc5 Nxc5 8.Ne2 Bd7
9.a3 Ba4 10.Qb1 Bxc3+ 11.Nxc3 Bb3 12.Be2 h6 13.Bh4 Qb6 14.O-O Rc8 15.Rc1 a6
16.Bxf6 gxf6 17.Ne4 Ke7 18.Nd2 a5 19.Rc3 a4 20.Qe1 h5 21.h4 f5 22.g3 e5 23.Bf1
Kf6 24.Bg2 Rcg8 25.Nxb3 axb3 26.Qd2 Rg6 27.Rd1 Ke7 28.Rcc1 Rf6 29.Kh2 Rhh6
{#d} 1/2-1/2

[Event "It (open)"]
[Site "masterchessopen.com Cappelle la Grande (France)"]
[Round "1"]
[White "Schandorff Lars (DEN)"]
[Black "Eliet Nicolas (FRA)"]
[Result "1-0"]
[WhiteElo "2535"]
[BlackElo "2405"]

1.d4 Nf6 2.c4 e6 3.Nc3 Bb4 4.Qc2 d6 5.Nf3 Nbd7 6.Bd2 O-O 7.a3 Bxc3 8.Bxc3 Qe7
9.e3 b6 10.Bd3 Bb7 11.O-O Rfe8 12.e4 e5 13.Rfe1 Nh5 14.d5 Qf6 15.b4 Nf4 16.Bf1
Nh3+ 17.Kh1 a5 18.bxa5 bxa5 19.Re3 Nf4 20.Nd2 Ra7 21.Rb1 a4 22.Bb4 Qe7 23.g3
Ng6 24.Rc1 c6 25.Kg1 Ngf8 26.Qd1 c5 27.Bc3 Nb6 28.Rb1 Qc7 29.f4 f6 30.Re1 Bc8
31.Nf3 Bd7 32.Qd2 Rea8 33.Rb2 Bg4 34.Qe3 Nbd7 35.h3 Bh5 36.Reb1 Rb8 37.Rxb8
Nxb8 38.fxe5 fxe5 39.Nxe5 Qd8 40.Rxb8 {#r} 1-0

[Event "Ch City"]
[Site "masterchessopen.com Dresden (Germany)"]
[Round "0"]
[White "Roos Michael (GER)"]
[Black "Teumer Joerg (GER)"]
[Result "1-0"]
[WhiteElo "2150"]
[BlackElo "2148"]

1.d4 Nf6 2.c4 e6 3.Nc3 Bb4 4.Qc2 d6 5.Bg5 Nbd7 6.Nf3 b6 7.e4 Bxc3+ 8.bxc3 e5
9.Bd3 O-O 10.O-O Re8 11.Rae1 Nf8 12.h3 h6 13.Be3 Nh5 14.c5 Qe7 15.Bb5 Rd8
16.Bc6 Rb8 17.Qa4 bxc5 18.dxc5 Be6 19.Rb1 Rxb1 20.Rxb1 g5 21.Qxa7 g4 22.hxg4
Bxg4 23.Nh2 Be6 24.a4 Ng6 25.g3 Ngf4 26.gxf4 exf4 27.Bd4 Qg5+ 28.Kh1 Kh7
29.Rg1 Qh4 30.Qxc7 dxc5 31.Bd5 Rxd5 32.Rg4 Qh3 33.exd5 Bxd5+ 34.Kg1 cxd4
35.Qc8 f5 36.Qxf5+ {#r} 1-0

[Event "Ch Bayern"]
[Site "masterchessopen.com Kaufbeuren (Germany)"]
[Round "1"]
[White "Lentrodt Thomas (GER)"]
[Black "Jauernig Udo (GER)"]
[Result "1-0"]
[WhiteElo "2307"]
[BlackElo "2182"]

1.d4 Nf6 2.c4 e6 3.Nc3 Bb4 4.Qc2 d6 5.a3 Bxc3+ 6.Qxc3 Nbd7 7.Nf3 b6 8.e3 Bb7
9.Be2 O-O 10.b4 Ne4 11.Qc2 Ng5 12.Qd1 a5 13.b5 Nxf3+ 14.Bxf3 Bxf3 15.Qxf3 Re8
16.O-O e5 17.Qc6 Rc8 18.a4 Nf6 19.Qf3 exd4 20.exd4 Qd7 21.Be3 Qe6 22.Rac1 h6
23.h3 Rcd8 24.c5 Nd5 25.cxb6 cxb6 26.Rfe1 Qe4 27.Qd1 Nb4 28.Rc3 Qd5 29.Qg4 Re6
30.Bd2 Rg6 31.Qe4 Qa2 32.Qe7 Rf8 33.Qxf8+ {#r} 1-0

[Event "Ch Sweden"]
[Site "masterchessopen.com Ronneby (Sweden)"]
[Round "1"]
[White "Eriksson Johan (SWE)"]
[Black "Agrest Evgenij (SWE)"]
[Result "0-1"]
[WhiteElo "2385"]
[BlackElo "2545"]

1.d4 Nf6 2.c4 e6 3.Nc3 Bb4 4.Qc2 d6 5.Nf3 Nbd7 6.Bg5 c5 7.dxc5 Nxc5 8.Nd2 Qa5
9.Bxf6 gxf6 10.Rc1 Bd7 11.a3 Bxc3 12.Qxc3 Qxc3 13.Rxc3 a5 14.b3 f5 15.e3 Bc6
16.f3 Ke7 17.Kf2 Rhb8 18.a4 Rd8 19.Be2 Rac8 20.Rhc1 Na6 21.e4 fxe4 22.fxe4 Nc5
23.Re3 Rg8 24.g3 Nd7 25.h3 Rg7 26.Re1 Rcg8 27.Bd1 Kd8 28.Be2 Kc7 29.Rg1 Rg6
30.Nf3 Rf6 31.Ke1 Rh6 32.Bf1 Rhg6 33.Kf2 Rf6 34.Ke2 Kb6 35.Nd2 Ne5 36.Bg2 Rfg6
37.Kf2 Kc5 38.Rc1 h5 39.Bh1 Rf6+ 40.Ke2 Bd7 41.Rd1 Be8 42.Rc1 Kb6 43.Rd1 Kc7
44.Rc1 b6 45.Rf1 Rfg6 46.Kf2 R8g7 47.Rd1 Bd7 48.Rde1 Nc6 49.Nf1 e5 50.Bg2 Nd4
51.Rd3 Kd8 52.Nd2 Be6 53.Rc3 Kc7 54.Rd3 Kd7 55.Rc3 Kc6 56.Rd3 Kc5 57.Rc3 Kb4
58.Rd3 Rg8 59.Nf1 f5 60.exf5 Bxf5 61.Be4 Rf6 62.Bxf5 Rxf5+ 63.Kg2 Rgf8 64.Nd2
Rf2+ 65.Kh1 R8f7 66.Re4 Ka3 67.Re1 Kb2 68.Ne4 Rc2 69.Nxd6 Nf3 70.Rxf3 Rxf3
{#R} 0-1

[Event "Ch St. Petersburg"]
[Site "masterchessopen.com St. Petersburg (Russia)"]
[Round "12"]
[White "Ivanov Sergey_ (RUS)"]
[Black "Lugovoi Aleksei (RUS)"]
[Result "1-0"]
[WhiteElo "2550"]
[BlackElo "2525"]

1.d4 Nf6 2.c4 e6 3.Nc3 Bb4 4.Qc2 d6 5.a3 Bxc3+ 6.Qxc3 b6 7.Bg5 Nbd7 8.e3 Ba6
9.Bd3 h6 10.Bh4 c5 11.Nf3 O-O 12.O-O Rc8 13.d5 exd5 14.cxd5 Bxd3 15.Qxd3 Qe8
16.Bxf6 Nxf6 17.Nd2 Qe5 18.Nc4 Qe7 19.a4 Rfe8 20.e4 Qd7 21.Rfe1 Rb8 22.f4 Rbd8
23.h3 Qb7 24.Rad1 Qb8 25.Qf3 Nd7 26.Re2 a6 27.Rde1 f6 28.Qg4 Nf8 29.h4 b5
30.Ne3 Qa7 31.Nf5 Kh7 32.axb5 axb5 33.h5 Rd7 34.Kh2 Red8 35.e5 dxe5 36.fxe5
fxe5 37.Rxe5 Rf7 38.d6 Qd7 39.Rxc5 Kh8 40.Re7 Rxe7 41.dxe7 {#r} 1-0